000
00266nam a22001217a 4500
082
_a
823
_b
AGG/F
100
_a
AGGARWAL N K
245
_a
FOLK TALES OF INDIA
260
_a
CALCUTTA
_b
BLACKIE & SON
_c
1997
300
_a
91
650
_a
ENGLISH STORY
_z
INDIA
942
_c
BK
999
_c
7317
_d
7317